000
00499nam a2200181Ia 4500
008
090123s9999 xx 000 0 und d
082
_b
14597
_a
891.463/शहा
100
_a
शहा सुभाष
245
_a
कुटजाल
250
_a
1
260
_b
श्रध्दा प्रकाशन
300
_a
170
600
_a
शहा सुभाष
630
_a
कुटजाल
700
_a
शहा सुभाष
730
_a
कुटजाल
942
_c
BOOK
999
_c
52658
_d
52658